Parts of a Cell - Statistics

General Stats
  • This quiz has been taken 604 times
  • The average score is 7 of 12
Answer Stats
Answer % Correct
{Nucleus} contains genetic information...brain of the cell
95%
{Mitochondria} produce energy for the cell
85%
{Cell Membrane} protects cell shape
73%
{Cell Wall} add protection and stability over the cell membrane
72%
{Golgi Apparatus} is a packaging organelle that distributes vesicles.
68%
{Endoplasmic Reticulum} holds many ribosomes and is responsible for protein building
61%
{Vacuoles} are the storage unit for cells
61%
{Lysosomes} float in the cytoplasm and hold digestive enzymes
57%
{Ribosomes} build chains to connect proteins and amino acids
52%
{Chloroplasts} are used for harvesting sunlight and performing photosynthesis
50%
{Vesicles} package things and transport them around the cell
29%
{Centrosomes} self destruct the cell if needed
8%
No matching quizzes found
Score Distribution
Percent of People with Each Score
Percentile by Number Answered
Your Score History
You have not taken this quiz